| 000 | 00854nam a2200253Ia 4500 | ||
|---|---|---|---|
| 003 | OSt | ||
| 005 | 20220926032234.0 | ||
| 006 | a|||||r|||| 00| 0 | ||
| 007 | ta | ||
| 008 | 220923b |||||||| |||| 00| 0 eng d | ||
| 020 |
_a9780754649779 _c3520.02 |
||
| 037 |
_b613, 17/06/2010, Insat Books & Periodicals _cGeneral Book |
||
| 040 |
_aRTL _cRTL _beng |
||
| 041 |
_2eng _aeng |
||
| 082 | _aU475:(Y:1), P9 | ||
| 100 |
_aJohnson Louise C _9337073 |
||
| 245 | 0 |
_aCultural capitals _b Revaluing the arts, remaking urban spaces. |
|
| 260 |
_aSurrey _bAshgate _c2009 |
||
| 300 |
_aix, 282p Bibliography : P 253-274 _ccm. |
||
| 490 | _aRe-Materialising Cultural Geography | ||
| 650 | _aGeography | ||
| 942 |
_hU475:(Y:1), P9 _cGB _2CC |
||
| 999 |
_c654170 _d654170 |
||